PHARMACOGONOSY AND PHYTOCHEMISTRY-1 (Record no. 22924)
[ view plain ]
| 000 -LEADER | |
|---|---|
| fixed length control field | 00364nam a22001577a 4500 |
| 003 - CONTROL NUMBER IDENTIFIER | |
| control field | SGT |
| 020 ## - INTERNATIONAL STANDARD BOOK NUMBER | |
| International Standard Book Number | 9789380316437 |
| 082 ## - DEWEY DECIMAL CLASSIFICATION NUMBER | |
| Classification number | 615.321 |
| Item number | P15W |
| 100 ## - MAIN ENTRY--PERSONAL NAME | |
| Personal name | WADEKAR, RAJU.R. |
| 245 ## - TITLE STATEMENT | |
| Title | PHARMACOGONOSY AND PHYTOCHEMISTRY-1 |
| 260 ## - PUBLICATION, DISTRIBUTION, ETC. (IMPRINT) | |
| Place of publication, distribution, etc | DELHI |
| Name of publisher, distributor, etc | AHUJA PUB. |
| Year of Publication | 2015 |
| 300 ## - PAGE DESCRIPTION | |
| No. of Pages | 64 |
| 650 ## - SUBJECT ADDED ENTRY--TOPICAL TERM | |
| Topical term or geographic name as entry element | PHARMACOGONOSY |
| 653 ## - KEYWORDS--INDEX TERM | |
| Keyword term | PHYTOCHEMISTRY |
| 942 ## - ADDED ENTRY ELEMENTS (KOHA) | |
| Source of classification or shelving scheme | Dewey Decimal Classification |
| Koha item type | Books |
| 942 ## - ADDED ENTRY ELEMENTS (KOHA) | |
| -- | 1 |
| Withdrawn status | Lost status | Source of classification or shelving scheme | Damaged status | Not for loan | Collection code | Home library | Current library | Shelving location | Date acquired | Vendor Name | Cost, normal purchase price | Volume Information (Serial or Books or Non-Book Material) | SGTU | Bill Number | Total Checkouts | Full call number | Accession No. (Barcode) | Date last seen | Date last borrowed | Bill Date | Koha item type |
|---|---|---|---|---|---|---|---|---|---|---|---|---|---|---|---|---|---|---|---|---|---|
| Dewey Decimal Classification | PHARMACY | SGT FA-FP Library | SGT FA-FP Library | Text Book | 24/06/2022 | AHUJA PUBLICATION | 150.00 | 1 | SGTU | 14474 | 1 | 615.321 P15W | FP4271 | 04/10/2022 | 05/08/2022 | 19/05/2022 | Books | ||||
| Dewey Decimal Classification | PHARMACY | SGT FA-FP Library | SGT FA-FP Library | Text Book | 24/06/2022 | AHUJA PUBLICATION | 150.00 | 1 | SGTU | 14474 | 615.321 P15W | FP4272 | 24/06/2022 | 19/05/2022 | Books | ||||||
| Dewey Decimal Classification | PHARMACY | SGT FA-FP Library | SGT FA-FP Library | Text Book | 24/06/2022 | AHUJA PUBLICATION | 150.00 | 1 | SGTU | 14474 | 615.321 P15W | FP4273 | 24/06/2022 | 19/05/2022 | Books | ||||||
| Dewey Decimal Classification | PHARMACY | SGT FA-FP Library | SGT FA-FP Library | Text Book | 24/06/2022 | AHUJA PUBLICATION | 150.00 | 1 | SGTU | 14474 | 615.321 P15W | FP4274 | 24/06/2022 | 19/05/2022 | Books | ||||||
| Dewey Decimal Classification | PHARMACY | SGT FA-FP Library | SGT FA-FP Library | Text Book | 24/06/2022 | AHUJA PUBLICATION | 150.00 | 1 | SGTU | 14474 | 615.321 P15W | FP4275 | 24/06/2022 | 19/05/2022 | Books |